THE FAMILY CREATIVE WORKSHOPS VOL ( V ) (Record no. 3052)
[ view plain ]
| 000 -LEADER | |
|---|---|
| fixed length control field | 00432cam a2200169ua 4500 |
| 008 - FIXED-LENGTH DATA ELEMENTS--GENERAL INFORMATION | |
| fixed length control field | 131129n II |||gr||||Z||||||eng |
| 040 ## - CATALOGING SOURCE | |
| Original cataloging agency | MAIN |
| 041 ## - LANGUAGE CODE | |
| -- | English |
| 082 ## - DEWEY DECIMAL CLASSIFICATION NUMBER | |
| Classification number | 640 DAV |
| 100 ## - MAIN ENTRY--PERSONAL NAME | |
| Personal name | DAVENPORT, BRAGDON ALLEN. |
| 245 ## - TITLE STATEMENT | |
| Title | THE FAMILY CREATIVE WORKSHOPS VOL ( V ) |
| 260 ## - PUBLICATION, DISTRIBUTION, ETC. | |
| Place of publication, distribution, etc. | NEW YORK: |
| Name of publisher, distributor, etc. | PLENARY PUBLICATION, |
| Date of publication, distribution, etc. | 1974. |
| 300 ## - PHYSICAL DESCRIPTION | |
| Extent | 640: |
| Dimensions | 20CM. |
| 942 ## - ADDED ENTRY ELEMENTS (KOHA) | |
| Koha item type | Books |
| 653 ## - INDEX TERM--UNCONTROLLED | |
| Uncontrolled term | Home & family management |
| Withdrawn status | Lost status | Damaged status | Not for loan | Collection code | Home library | Current library | Shelving location | Date acquired | Full call number | Barcode | Date last seen | Copy number | Price effective from | Koha item type | Public note |
|---|---|---|---|---|---|---|---|---|---|---|---|---|---|---|---|
| REFHMSC | Central Library and Information Centre Sibsagar Girls College | Central Library and Information Centre Sibsagar Girls College | HOMESCIENCE BOOK RACK | 07.03.1985 | 640 DAV | 11158 | 27.02.2020 | 1 | 27.02.2020 | Books | V |